| 000 | 00494nam a22001577a 4500 | ||
|---|---|---|---|
| 999 |
_c9205 _d9205 |
||
| 008 | 210329b ||||| |||| 00| 0 eng d | ||
| 040 | _aBMS College of Architecture | ||
| 100 | _aS, k, Ravi | ||
| 245 | _aEco Tourism Island resort Lakshadweep at Bangalore | ||
| 300 | _aNA | ||
| 500 | _a1BM03AT020 | ||
| 502 |
_8B.Arch _NBMS College of Architecture, Visvesvaraya Technological University _aProject report _d2007 |
||
| 650 | _aLakshadweep | ||
| 700 |
_aSatish Rao _eGuide |
||
| 942 |
_2ddc _cTHE |
||